Statistics for Countries In Order Of Getting Nuclear Weapons

Click here to take the quiz!

General Stats

  • This quiz has been taken 74 times
    (64 since last reset)
  • The average score is 8 of 13

Answer Stats

First Nuclear Weapon Hold YearAnswer% Correct
1945United States
100%
1948Russia(Soviet Union)
95%
1952United Kingdom
88%
1963France
81%
1963China
70%
1966Israel
56%
1997Pakistan
56%
1997India
53%
2006North Korea
51%
1970South Africa
47%
1991Kazakhstan
42%
1991Ukraine
42%
1991Belarus
37%

Score Distribution

Percentile by Number Answered

Percent of People with Each Score

Your Score History

You have not taken this quiz since the last reset